000 00584nam a2200169 4500
999 _c4574
_d4574
008 160916b xxu||||| |||| 00| 0 eng d
022 _a2094-8042
082 _aDPer 370.105 M72 Jan-Dec 2012 v. 60-61
100 _914695
_aAquino, Joann S.
243 _a
245 _aBanghay aralin sa Filipino baitang integrasyon ng pagbasa at wika/
_cJoann S. Aquino.
260 _aPhilippines:
_bIn the Grade School, Inc.,
_c©2012.
300 _av61 n4, pages 156-159;
_c28 cm.
500 _aThe Modern Teacher.
650 0 _914696
_aProgrammed instruction
_xFilipino
942 _2ddc
_cPER